000 00426nam a2200169Ia 4500
008 230524s9999 xx 000 0 und d
020 _a9788184880456
082 _a331
_bSAR
100 _aA.M.Sarma
245 0 _aIndustrial Relations (Conceptual and Legal Framework)
250 _a9TH
260 _aMUMBAI
_bHimalaya
_c2008
300 _aXII;431
500 _aQuantity Number: 10
650 _aManagement
942 _cBK
999 _c42693
_d42693